| 000 | 00695nam a22001697a 4500 | ||
|---|---|---|---|
| 003 | LK-CoMWRAF | ||
| 005 | 20240118093223.0 | ||
| 008 | 231213b |||||||| |||| 00| 0 eng d | ||
| 040 |
_aLK-CoMWRAF _dLK-CoMWRAF _eLK-CoMWRAF |
||
| 041 | _asin | ||
| 082 |
_a346.016 _bZAR |
||
| 100 | _aෂරුක් අල් - අලිම් ඒ. ආර්. එම්. | ||
| 245 | _aමුස්ලිම් විවාහ නීතිය පිළිබඳ විවරණයක් | ||
| 246 | _aMuslim wiwaha neethiya pilibanda wiwaranayak | ||
| 260 |
_aකොළඹ : _bමුස්ලිම් ආගමික හා සංස්කෘතික දෙපාර් තමේන්තුව |
||
| 942 | _cBK | ||
| 999 |
_c4409 _d4409 |
||